00330nam a22001217a 4500008004100000020001800041100003100059245005700090250001300147260002700160300000900187546001200196230523b |||||||| |||| 00| 0 eng d a9789388548854 aK. Kannan & Anjana Prakash aRatanlal & Dhirajlal The Code of Criminal Procedure  a23rd Ed. aHaryanabLN Pub.c2022 a1129 aEnglish